000 00872cam a22002177a 4500
005 20170327133045.0
008 170327b mx ||||| |||| 00| 0 spa d
020 _a9686254897 (Universidad de las Américas de Puebla)
020 _a9789708190039 (Miguel Ángel Porrúa)
050 0 0 _aF1391.P9
_bD66 2007
100 1 _aDomínguez Ruiz, Ana Lidia M.
245 1 3 _aLa sonoridad de la cultura
_b: Cholula, una experiencia sonora de la ciudad /
_cAna Lidia M. Domínguez Ruiz.
246 3 0 _aCholula, una experiencia sonora de la ciudad
250 _a1a ed.
260 _aPuebla, México :
_bUniversidad de las Américas Puebla ,
_c2007.
260 _aMéxico :
_bMiguel Ángel Porrúa,
_c2007.
300 _a220 p. ;
_c21 cm.
504 _aBibliografía: (p. 215-220).
651 0 _aCholula de Rivadabia (México)
_xVida social y costumbres.
942 _2lcc
_cLIB
999 _c131363
_d131363